[Event "SVK-chB op"]
[Site "Bratislava"]
[Date "2023.07.07"]
[Round "7"]
[White "Nadzamova, Viktoria"]
[Black "Stevik, Patrik1111"]
[Result "1-0"]
[WhiteElo "2055"]
[BlackElo "2234"]
[PlyCount "65"]
[EventDate "2023.07.01"]
[EventType "swiss"]
[EventRounds "9"]
[EventCountry "SVK"]
[SourceTitle "CBM 215 Extra"]
[Source "ChessBase"]
[SourceDate "2023.09.30"]
[SourceVersion "1"]
[SourceVersionDate "2023.09.30"]
[SourceQuality "1"]

1. e4 g6 2. d4 d6 3. Nc3 Nf6 4. Be2 c6 5. Be3 Nbd7 6. a4 Bg7 7. Qd2 Qa5 8. Rb1 0-0 9. Nf3 Qb4 10. 0-0 e5 11. Rfd1 Re8 12. d5 Nxe4 13. Nxe4 Qxe4 14. c4 Nc5 15. Ng5 Qf5 16. dxc6 bxc6 17. Qxd6 Bf8 18. Qd2 Nb3 19. Qc3 Nd4 20. Bd3 Qg4 21. h3 Qh4 22. Ne4 Bf5 23. Ng3 Bxd3 24. Qxd3 c5 25. Bxd4 cxd4 26. b4 a5 27. b5 Bc5 28. Ne4 Qe7 29. b6 Bb4 30. Rxb4 axb4 31. c5 Qe6 32. Qb5 Qd5 33. Nf6+ 1-0

[Event "SVK-ch U18 Girls"]
[Site "Dudince"]
[Date "2023.04.21"]
[Round "7"]
[White "Nadzamova, Viktoria"]
[Black "Carnecka, Stella"]
[Result "1-0"]
[WhiteElo "2042"]
[BlackElo "1610"]
[PlyCount "57"]
[EventDate "2023.04.16"]
[EventType "swiss"]
[EventRounds "9"]
[EventCountry "SVK"]
[SourceTitle "CBM 213 Extra"]
[Source "ChessBase"]
[SourceDate "2023.05.31"]
[SourceVersion "1"]
[SourceVersionDate "2023.05.31"]
[SourceQuality "1"]

1. d4 d5 2. Bf4 Nf6 3. Nc3 a6 4. e3 e6 5. g4 h6 6. Qf3 c5 7. h4 cxd4 8. exd4 Nc6 9. 0-0-0 Be7 10. g5 hxg5 11. hxg5 Rxh1 12. Qxh1 Ne4 13. Nxe4 dxe4 14. Qxe4 Bxg5 15. Nf3 Bxf4+ 16. Qxf4 Qa5 17. Bc4 Ne7 18. Qh2 Kf8 19. Qh8+ Ng8 20. Rg1 g6 21. Ne5 b5 22. Bb3 Qc7 23. Rg4 Qa5 24. c3 b4 25. Rf4 f5 26. Nxg6+ Ke8 27. Qxg8+ Kd7 28. Qf7+ Kc6 29. Ne5+ 1-0

[Event "SVK-ch U18 Girls"]
[Site "Dudince"]
[Date "2023.04.18"]
[Round "4"]
[White "Nadzamova, Viktoria"]
[Black "Rachelova, Diana"]
[Result "1-0"]
[WhiteElo "2042"]
[BlackElo "1139"]
[PlyCount "49"]
[EventDate "2023.04.16"]
[EventType "swiss"]
[EventRounds "9"]
[EventCountry "SVK"]
[SourceTitle "CBM 213 Extra"]
[Source "ChessBase"]
[SourceDate "2023.05.31"]
[SourceVersion "1"]
[SourceVersionDate "2023.05.31"]
[SourceQuality "1"]

1. d4 d5 2. Bf4 Nf6 3. Nc3 Nc6 4. Nb5 e5 5. dxe5 Nh5 6. e3 Nxf4 7. exf4 Bc5 8. Qxd5 Qe7 9. Nxc7+ Qxc7 10. Qxc5 b6 11. Qc3 0-0 12. Nf3 h6 13. Bb5 Bb7 14. 0-0 Rac8 15. Nh4 Ne7 16. Qxc7 Rxc7 17. c3 Rd8 18. Rad1 Rcc8 19. Be2 g6 20. Nf3 Nd5 21. Rd4 Rc5 22. c4 Rcc8 23. cxd5 Bxd5 24. Rfd1 Kf8 25. Rxd5 1-0

[Event "Piestany Slovakia op-A"]
[Site "Piestany"]
[Date "2022.07.17"]
[Round "8"]
[White "Nadzamova, Viktoria"]
[Black "Skreko, Igor1111"]
[Result "1-0"]
[WhiteElo "2133"]
[BlackElo "2193"]
[PlyCount "79"]
[EventDate "2022.07.11"]
[EventType "swiss"]
[EventRounds "9"]
[EventCountry "SVK"]
[SourceTitle "CBM 209 Extra"]
[Source "ChessBase"]
[SourceDate "2022.09.30"]
[SourceVersion "1"]
[SourceVersionDate "2022.09.30"]
[SourceQuality "1"]

1. d4 Nf6 2. c4 g6 3. Nc3 Bg7 4. e4 d6 5. Be2 0-0 6. Be3 e5 7. d5 a5 8. h4 Na6 9. h5 Nc5 10. hxg6 fxg6 11. f3 Nh5 12. Qd2 Nf4 13. Bf1 Bf6 14. 0-0-0 Bd7 15. g3 Nh5 16. Nge2 Be7 17. Bg2 Qb8 18. f4 exf4 19. gxf4 b5 20. cxb5 Bxb5 21. Nxb5 Qxb5 22. Nc3 Qc4 23. Rxh5 gxh5 24. Rg1 Kf7 25. Bf1 Qb4 26. Bb5 Bf6 27. e5 dxe5 28. fxe5 Bxe5 29. Qf2+ Bf4 30. Bxf4 Nd3+ 31. Bxd3 Ke8 32. Bb5+ Kd8 33. Qh4+ Kc8 34. Qh3+ Kb8 35. Be3 Qe7 36. Re1 Qg7 37. Qe6 Qg3 38. Bc5 Rd8 39. Qe7 Rg8 40. Qe8+ 1-0

[Event "Piestany Slovakia op-A"]
[Site "Piestany"]
[Date "2022.07.13"]
[Round "4"]
[White "Bochnicka, Vladimir1111"]
[Black "Nadzamova, Viktoria"]
[Result "1-0"]
[WhiteElo "2295"]
[BlackElo "2133"]
[PlyCount "65"]
[EventDate "2022.07.11"]
[EventType "swiss"]
[EventRounds "9"]
[EventCountry "SVK"]
[SourceTitle "CBM 209 Extra"]
[Source "ChessBase"]
[SourceDate "2022.09.30"]
[SourceVersion "1"]
[SourceVersionDate "2022.09.30"]
[SourceQuality "1"]

1. e4 c5 2. Nf3 e6 3. d4 cxd4 4. Nxd4 Nc6 5. Nc3 Qc7 6. Qd3 a6 7. Nxc6 bxc6 8. Qg3 Qxg3 9. hxg3 d5 10. Bf4 Nf6 11. Na4 Nd7 12. 0-0-0 Be7 13. Bd3 Bb7 14. Rhe1 Rc8 15. Kb1 Kf8 16. g4 g5 17. Bd2 d4 18. g3 c5 19. b3 Kg7 20. f4 h5 21. e5 hxg4 22. f5 f6 23. exf6+ Bxf6 24. Rxe6 Rh3 25. Nb6 Nxb6 26. Rxb6 Bf3 27. Re1 Rxg3 28. Bxg5 Bxg5 29. Rg6+ Kf8 30. Bc4 Be3 31. f6 Ke8 32. Be6 Kd8 33. Rg8+ 1-0

[Event "SVK-ch U18"]
[Site "Stara Lubovna"]
[Date "2022.05.25"]
[Round "6"]
[White "Rucek, Kristian"]
[Black "Nadzamova, Viktoria"]
[Result "1-0"]
[WhiteElo "2128"]
[BlackElo "2135"]
[PlyCount "43"]
[EventDate "2022.05.21"]
[EventType "swiss"]
[EventRounds "9"]
[EventCountry "SVK"]
[SourceTitle "CBM 208 Extra"]
[Source "ChessBase"]
[SourceDate "2022.07.31"]
[SourceVersion "1"]
[SourceVersionDate "2022.07.31"]
[SourceQuality "1"]

1. d4 Nf6 2. c4 c5 3. d5 e6 4. Nc3 exd5 5. cxd5 d6 6. Nf3 g6 7. Nd2 Bg7 8. e4 0-0 9. Be2 Re8 10. 0-0 Nbd7 11. a4 a6 12. Ra3 Rb8 13. a5 h6 14. Re1 g5 15. Qc2 Ne5 16. Nf1 Ng6 17. Ng3 Nh4 18. Nd1 Qe7 19. Bc4 Bh3 20. gxh3 Nf3+ 21. Rxf3 g4 22. Nf5 1-0

[Event "SVK-ch U18"]
[Site "Stara Lubovna"]
[Date "2022.05.22"]
[Round "2"]
[White "Zetocha, Adrian"]
[Black "Nadzamova, Viktoria"]
[Result "1-0"]
[WhiteElo "2331"]
[BlackElo "2135"]
[PlyCount "73"]
[EventDate "2022.05.21"]
[EventType "swiss"]
[EventRounds "9"]
[EventCountry "SVK"]
[SourceTitle "CBM 208 Extra"]
[Source "ChessBase"]
[SourceDate "2022.07.31"]
[SourceVersion "1"]
[SourceVersionDate "2022.07.31"]
[SourceQuality "1"]

1. e4 c5 2. Nf3 e6 3. c3 d5 4. e5 Nc6 5. d4 c4 6. b3 b5 7. a4 Na5 8. Nfd2 Bd7 9. axb5 cxb3 10. Nxb3 Nc4 11. N3d2 Nb6 12. Bd3 Ne7 13. Ba3 Ng6 14. g3 Qc7 15. Bxf8 Kxf8 16. 0-0 Ne7 17. Qb3 h5 18. h4 g5 19. hxg5 h4 20. Qb4 Qd8 21. g4 Kg7 22. f4 Ng6 23. Bxg6 fxg6 24. Na3 h3 25. Kh2 Qe8 26. Nb3 Qf7 27. Rf3 Rh4 28. Rg1 Rb8 29. Qd6 Rb7 30. f5 gxf5 31. gxf5 Nc8 32. f6+ Kg6 33. Qa6 Rb6 34. Qa4 a6 35. Nc5 Bxb5 36. Qc2+ Kh5 37. g6 1-0

[Event "SVK-ch U18"]
[Site "Stara Lubovna"]
[Date "2022.05.21"]
[Round "1"]
[White "Nadzamova, Viktoria"]
[Black "Sokolovsky, Jakub"]
[Result "1-0"]
[WhiteElo "2135"]
[BlackElo "1613"]
[PlyCount "93"]
[EventDate "2022.05.21"]
[EventType "swiss"]
[EventRounds "9"]
[EventCountry "SVK"]
[SourceTitle "CBM 208 Extra"]
[Source "ChessBase"]
[SourceDate "2022.07.31"]
[SourceVersion "1"]
[SourceVersionDate "2022.07.31"]
[SourceQuality "1"]

1. e4 c5 2. Nf3 d6 3. d4 cxd4 4. Nxd4 Nf6 5. Nc3 a6 6. f3 e5 7. Nb3 Be7 8. Be3 Be6 9. Qd2 Nbd7 10. g4 b5 11. g5 Nh5 12. Nd5 Bxd5 13. exd5 Nf4 14. h4 h6 15. Na5 hxg5 16. Nc6 Qc7 17. Nxe7 Kxe7 18. Rg1 Rxh4 19. Rxg5 g6 20. 0-0-0 Rah8 21. Bxf4 Rxf4 22. Rxe5+ Nxe5 23. Qxf4 Rh5 24. Qe4 Kf8 25. Re1 Rh2 26. c3 b4 27. Qxb4 Nxf3 28. Re3 Ne5 29. Rxe5 a5 30. Qa3 Qb6 31. Re4 Qf2 32. Qxd6+ Kg8 33. Qd8+ Kh7 34. Be2 Qe1+ 35. Kc2 Rxe2+ 36. Rxe2 Qxe2+ 37. Kb3 Qb5+ 38. Ka3 Qc5+ 39. Ka4 Qc4+ 40. Ka3 Qc5+ 41. Ka4 Qc4+ 42. b4 Qxa2+ 43. Kb5 a4 44. Qh4+ Kg8 45. Qd4 a3 46. d6 Qb2 47. d7 1-0

[Event "Mitropa Cup (Women)"]
[Site "Corte"]
[Date "2022.05.02"]
[Round "3.2"]
[White "Nadzamova, Viktoria"]
[Black "Navrotescu, Andreea Cristiana"]
[Result "0-1"]
[WhiteElo "2117"]
[BlackElo "2275"]
[PlyCount "104"]
[EventDate "2022.04.30"]
[EventType "team-tourn"]
[EventRounds "9"]
[EventCountry "FRA"]
[SourceTitle "CBM 208 Extra"]
[Source "ChessBase"]
[SourceDate "2022.07.31"]
[SourceVersion "1"]
[SourceVersionDate "2022.07.31"]
[SourceQuality "1"]
[WhiteTeam "Slovakia (W)"]
[BlackTeam "France (W)"]
[WhiteTeamCountry "SVK"]
[BlackTeamCountry "FRA"]

1. e4 e5 2. Nf3 Nc6 3. Bb5 Nf6 4. d3 Bc5 5. 0-0 Nd4 6. Nxd4 Bxd4 7. c3 Bb6 8. Bg5 c6 9. Ba4 h6 10. Bh4 0-0 11. d4 g5 12. dxe5 gxh4 13. exf6 Qxf6 14. Qd3 d5 15. Bc2 Qg7 16. Nd2 h3 17. g3 Bg4 18. Rae1 Rad8 19. e5 c5 20. Bb1 c4 21. Qc2 f6 22. e6 Rfe8 23. Qa4 Rxe6 24. Rxe6 Bxe6 25. Nf3 Bg4 26. Nh4 Bd7 27. Qd1 d4 28. Be4 Be6 29. Qe2 d3 30. Bxd3 Qg4 31. Qxg4+ Bxg4 32. Bxc4+ Kg7 33. Kh1 Rd2 34. f3 Bd7 35. Re1 h5 36. Bb3 f5 37. Rd1 Rxd1+ 38. Bxd1 f4 39. Bc2 Kf6 40. Ng6 Bc6 41. Nh4 Bf2 42. Be4 Bd7 43. Ng6 fxg3 44. hxg3 Bxg3 45. Nf8 Bc8 46. Kg1 b6 47. Kh1 Ba6 48. Kg1 h4 49. Nh7+ Ke5 50. Ng5 h2+ 51. Kh1 Bf1 52. Bb7 Bf4 0-1

[Event "SVK-chT2B 2122"]
[Site "Slovakia"]
[Date "2022.02.12"]
[Round "7.7"]
[White "Nadzamova, Viktoria"]
[Black "Pereszlenyi, Gejza"]
[Result "1-0"]
[WhiteElo "2117"]
[BlackElo "1892"]
[PlyCount "51"]
[EventDate "2021.10.16"]
[EventType "team-tourn"]
[EventRounds "11"]
[EventCountry "SVK"]
[SourceTitle "EXT 2023"]
[Source "ChessBase"]
[SourceDate "2022.10.05"]
[SourceVersion "1"]
[SourceVersionDate "2022.10.05"]
[SourceQuality "1"]
[WhiteTeam "Levice"]
[BlackTeam "Tlmace"]
[WhiteTeamCountry "SVK"]
[BlackTeamCountry "SVK"]

1. e4 c6 2. d4 d5 3. e5 Bf5 4. Nf3 e6 5. Be2 Nd7 6. 0-0 c5 7. c4 Bxb1 8. Rxb1 Ne7 9. Bg5 f6 10. Bh4 Qb6 11. dxc5 Qxc5 12. exf6 gxf6 13. Nd4 e5 14. Ne6 Qd6 15. cxd5 Rc8 16. Bh5+ Ng6 17. f4 exf4 18. Nxf4 Kf7 19. Qg4 Rg8 20. Bg3 Qc5+ 21. Kh1 Nde5 22. Qe6+ Kg7 23. Nxg6 hxg6 24. Qxf6+ Kh7 25. Bxe5 gxh5 26. Qf5+ 1-0

[Event "SVK-chT 2122"]
[Site "Slovakia"]
[Date "2021.10.23"]
[Round "1.4"]
[White "Sosovickova, Jana"]
[Black "Nadzamova, Viktoria"]
[Result "1-0"]
[WhiteElo "1867"]
[BlackElo "2096"]
[PlyCount "81"]
[EventDate "2021.10.23"]
[EventType "team-tourn"]
[EventRounds "11"]
[EventCountry "SVK"]
[SourceTitle "CBM 204 Extra"]
[Source "ChessBase"]
[SourceDate "2021.11.30"]
[SourceVersion "1"]
[SourceVersionDate "2021.11.30"]
[SourceQuality "1"]
[WhiteTeam "Dubnica nad Vahom"]
[BlackTeam "Kosice Slavia UPJS"]
[WhiteTeamCountry "SVK"]
[BlackTeamCountry "SVK"]

1. e4 c5 2. Nf3 e6 3. d4 cxd4 4. Nxd4 Nc6 5. Be3 Nf6 6. Nc3 Bb4 7. Nxc6 bxc6 8. e5 Nd5 9. Bd2 Nxc3 10. bxc3 Bc5 11. Bd3 Qh4 12. Qf3 0-0 13. Qg3 Qh5 14. Be2 Qg6 15. Bd3 Qxg3 16. hxg3 h6 17. Rh5 d6 18. Rb1 dxe5 19. Rxe5 Bb6 20. a4 Rb8 21. Rb3 Bd7 22. Bf4 f6 23. Re2 e5 24. Bc4+ Kh8 25. Be3 c5 26. Ra3 Ba5 27. f3 e4 28. Kf2 exf3 29. gxf3 Bh3 30. Bb5 Rbc8 31. Re1 Rfd8 32. g4 c4 33. Kg3 Rd6 34. Bf4 Rdd8 35. Kxh3 g5 36. Be3 Bc7 37. Bd4 Kg7 38. Raa1 h5 39. Re7+ Kg6 40. gxh5+ Kxh5 41. Rh1 1-0